00466cam a22001571 450000100100000000500170001000800410002704000250006808200150009310000260010824500520013426000500018630000210023650400340025765000170029100000190020240510073816.0720731s1946 xxu 001 0 eng  aDO-SdBNPbspacBNPHU a100bT454L1 aThomas, Henry,d1886-14aThe living world of philosophy /cHenry Thomas. aPhiladelphia :bThe Blakiston company,c1946. a399 p. ;c22 cm. aBibliografía: p. [381]-386. 0aFilosofía